00309nam a2200109Ia 4500008004100000082000800041100002100049245001300070942000600083952009500089999001500184240331s9999 xx 000 0 und d bDOM aJeganathan,p. ed 0aDomains  cL 001040708LaWERCLbWERCLcSSCd2024-03-31l0o 320 DOMp6572r2024-03-31w2024-03-31yL c5647d5647